Statistics for Country Neighbour Connect: Closest to Equator, starting with World's Closest to Equator

Click here to take the quiz!

General Stats

  • This quiz has been taken 64 times
  • The average score is 146 of 154

Answer Stats

Country % Correct
Pakistan
100%
Iran
100%
India
100%
Burma
100%
Malaysia
100%
Thailand
100%
Iraq
100%
Kuwait
100%
Saudi Arabia
100%
Jordan
100%
Yemen
100%
Oman
100%
Qatar
100%
United Arab Emirates
100%
Indonesia
100%
Papua New Guinea
100%
Kyrgyzstan
100%
Tajikistan
100%
Uzbekistan
100%
Turkmenistan
100%
Kenya
100%
Kazakhstan
100%
Afghanistan
100%
Nepal
100%
Cambodia
100%
Brunei
100%
Vietnam
100%
Laos
100%
Bhutan
100%
China
100%
Israel
100%
East Timor
100%
Ethiopia
100%
South Sudan
100%
Somalia
100%
Djibouti
100%
Sudan
100%
Eritrea
100%
Central African Republic
100%
Cameroon
100%
Democratic Republic of the Congo
100%
Rwanda
100%
Republic of the Congo
100%
Gabon
100%
Equatorial Guinea
100%
Chad
100%
Egypt
100%
Gambia
100%
Senegal
100%
Guinea-Bissau
100%
Mali
100%
Burkina Faso
100%
Libya
100%
Uganda
100%
Guinea
100%
Sierra Leone
100%
Benin
100%
Togo
100%
Ghana
100%
Liberia
100%
Côte d'Ivoire
100%
Russia
97%
North Korea
97%
South Korea
97%
Niger
97%
Nigeria
97%
Spain
94%
Canada
94%
Morocco
94%
Mauritania
94%
Andorra
94%
Portugal
94%
United States
94%
Belize
94%
Nicaragua
94%
Costa Rica
94%
Panama
94%
Honduras
94%
El Salvador
94%
Monaco
94%
Guatemala
94%
Mexico
94%
Liechtenstein
94%
Latvia
94%
Lithuania
94%
Belarus
94%
Estonia
94%
Denmark
94%
Georgia
94%
Armenia
94%
Poland
94%
Netherlands
94%
Austria
94%
Chile
94%
Slovakia
94%
Germany
94%
Belgium
94%
Luxembourg
94%
Switzerland
94%
Bulgaria
94%
Moldova
94%
Uruguay
94%
Serbia
94%
Ukraine
94%
Hungary
94%
Bosnia and Herzegovina
94%
Croatia
94%
Montenegro
94%
Kosovo
94%
Syria
94%
Turkey
94%
Azerbaijan
94%
Lebanon
94%
Greece
94%
Macedonia
94%
Albania
94%
Slovenia
94%
Romania
94%
Colombia
94%
Venezuela
94%
Guyana
94%
Ecuador
94%
Peru
94%
Argentina
94%
Bolivia
94%
Brazil
94%
Suriname
94%
Paraguay
94%
Vatican City
94%
Italy
94%
France
94%
San Marino
94%
Ireland
91%
United Kingdom
91%
Tunisia
91%
Czech Republic
91%
Algeria
91%
Sweden
83%
Norway
83%
Finland
83%
Mozambique
77%
Zimbabwe
77%
Namibia
77%
South Africa
77%
Botswana
77%
Malawi
77%
Mongolia
77%
Zambia
77%
Tanzania
77%
Swaziland
74%
Lesotho
74%
Angola
74%
Burundi
74%
Bangladesh
51%

Score Distribution

Percentile by Number Answered

Percent of People with Each Score

Your Score History

You have not taken this quiz